Movies Quiz

Random Movies Quiz

Colin Firth films Quiz Stats

 Plays Quiz not verified by Sporcle

Challenge
Share
Tweet
Embed
Score 0/49 Timer 10:00
0 Plays Today
Hint Answer % Correct
In 2009 he won an Best Actor Oscar for his role in the royal filmThe Kings Speech
82%
In 2015 he played Galahad with Michael Caine and Taron EgertonKingsman: Secret Service
80.6%
In 2003 he played Jamie with Bill Nighy and Liam NeesonLove Actually
78.7%
In 2008 he played Harry and starred along with Meryl StreepMamma Mia
70.5%
In 2005 he played Mr Brown with Emma Thompson Nanny McPhee
68.9%
In 2004 he returned to play Mark Darcy Bridget Jones: The Edge of Reason
67.2%
In 2001 he played Mark Darcy with Rene ZellwegerBridget Jones's Diary
65.6%
In 2003 he played Johannes Vermeer with Scarlett JohanssonGirl with the Pearl Earring
65.6%
In 2009 he played George with Julianne Moore and Nicholas Hoult A Single Man
65.6%
In 1996 he played Geoffrey Clifton with Ralph Fiennes and Willem DafoeThe English Patient
62.3%
In 1998 he played Lord Wessex with Gwyneth PaltrowShakespeare in Love
62.3%
In 2003 he played Henry Dashwood with Amanda BynesWhat a Girl Wants
59%
In 2002 he played John 'Jack' Worthing with Reese Witherspoon and Judi DenchThe Importance of Being Earnest
55.7%
In 2007 he played Geoffrey Thwaites with Rupert Everett and Juno TempleSt Trinian's
54.1%
In 2009 he voiced Fred in the Christmas film with Jim CarreyA Christmas Carol
54.1%
In 1984 he played Tommy Judd with Rupert EverettAnother Country
50.8%
In 2013 he played Eric Lomax with Nicole KidmanThe Railway Man
48.9%
In 1995 he played Simon Westward with Chris O' Donnell and Minnie DriverCircle of Friends
47.5%
In 2007 he played Aurelius with Ben Kingsley and John HannahThe Last Legion
47.5%
In 2007 he played Blake with Jim BroadbentWhen Did You Last See Your Father
45.9%
In 2008 he played Richard and starred along with Uman ThurmanThe Accidental Husband
45.9%
I'm 1989 he played the titled character with Annette BenningValmont
44.3%
In 2003 he played Colin Ware with Heather GrahamHope Springs
44.3%
In 2012 he played Harry Dean with Alan Rickman and Cameron DiazThe Gambit
44.3%
In 1987 he played Birkin with Kenneth BranaghA Month in the Country
42.6%
Hint Answer % Correct
In 2010 he played Gus Leroy with Orlando BloomMain Street
42.6%
In 1988 he played Adrian LeDuc with Hart BochnerApartment Zero
41%
In 1997 he played Paul Ashworth with Neil PearsonFever Pitch
41%
In 2000 he played Peter Ingleton with Julie AndrewsRelative Values
41%
In 2005 he played Vince with Kevin BaconWhere the Truth Lies
41%
In 2014 he played Ben Lucas with Nicole Kidman and Mark StrongBefore I Go to Sleep
40.5%
In 2004 he played Ben with Naomie HarrisTrauma
37.7%
In 2007 he played Frank with Helen Hunt and Bette MidlerThen She Found Me
37.7%
In 2009 he played Lord Henry Wotton with Fiona Shaw and Emilia FoxDorian Gray
37.7%
In 1997 he played Jess Clark with Michelle Pfeiffer A Thousand Acres
36.1%
In 2008 he played Mr Whittaker with Jessica Biel and Kristin Scott ThomasEasy Virtue
36.1%
In 2009 he returned as Geoffrey Thwaites with Rupert EverettSt Trinian's 2
36.1%
In 2013 he played Ron Lax with Reese Witherspoon and Dane DeHaanThe Devil's Knot
35%
In 1999 he played Matthew Field with Nia LongThe Secret Laughter of Women
32.8%
In 2008 he played Joe in this Michael Winterbottom filmA Summer in Genoa
32.8%
In 1990 he played Brian Smith with Peter O'TooleWings of Fame
31.1%
In 1993 he played Richard Courtois with Ian Holm The Advocate
31.1%
In 2012 he played titled character with Emily BluntArthur Newman
31.1%
In 2001 he played Allen Portland with Stephen FryFour Play
29.8%
In 1999 he played Edward with Malcolm McDowellMy Life So Far
29.5%
In 1985 he played Young Alexander with Paul ScofieldNineteen Nineteen
25.5%
In 1994 he played both Ross Talbert and Michael CondrenPlaymaker
24.6%
In 1991 he played Joseph Prince with Billy ZaneFemme Fatale
19.7%
In 2011 he played Bill Haydon with Benedict Cumberbatch and Gary OldmanTinker Taylor Soldier Spy
18%

You're not logged in!

Compare scores with friends on all Sporcle quizzes.
OR
Log In

You Might Also Like...

Show Comments

Extras

Created Nov 24, 2013ReportNominate
Tags:colin

Top Quizzes Today


Score Distribution

Your Account Isn't Verified!

In order to create a playlist on Sporcle, you need to verify the email address you used during registration. Go to your Sporcle Settings to finish the process.

Report this User

Report this user for behavior that violates our Community Guidelines.

Details: